Paroles Disney #6 - Statistiques

Statistiques générales
  • Ce quiz a été pris 7 079 fois
  • Le résultat moyen est 194 sur 236
Statistiques - réponses
Réponse % Correct
le
98%
de
97%
Je
96%
je
96%
un
96%
homme
95%
les
95%
Les
95%
Comme
93%
comme
93%
ne
93%
Vous
93%
vous
93%
des
92%
et
92%
Et
92%
pas
91%
plus
91%
Pour
91%
pour
91%
que
91%
faire
90%
la
89%
89%
88%
du
88%
en
88%
En
88%
fille
88%
hommes
88%
vrais
87%
mon
85%
cours
84%
Huns
84%
êtes
83%
moi
82%
vois
82%
fillettes
81%
ils
81%
l'exercice
81%
me
81%
n'en
81%
tout
81%
Attaquons
80%
defaire
80%
fils
80%
leur
80%
Mais
80%
mais
80%
donné
79%
feu
79%
Sois
79%
gym
78%
torrent
78%
volcans
78%
fragiles
77%
au
76%
l'orient
76%
M'ont
76%
saurai
76%
sécher
76%
serez
76%
n'aurais
75%
ouragans
75%
qui
75%
contre
74%
mes
74%
tous
74%
lune
73%
amis
72%
ardent
72%
coeur
72%
régime
72%
suis
72%
violent
72%
flèche
71%
J'aurais
71%
mettre
71%
plein
71%
chez
70%
envers
70%
peux
70%
puissant
70%
sais
70%
bande
69%
Ce
68%
frappe
68%
nuits
68%
qu'une
68%
rentrez
68%
sont
68%
voyait
68%
femmelettes
67%
jamais
67%
l'équilibre
67%
loin
67%
n'êtes
67%
par
67%
très
67%
forts
66%
s'il
66%
vainqueurs
66%
nage
65%
trouvant
65%
coup
64%
jours
63%
vaillants
63%
gars
62%
passent
62%
Secret
62%
vibre
61%
nager
59%
chemin
58%
bien
57%
demain
56%
Suivez
55%
vivrez
55%
bout
49%
Jusqu'au
48%
flanque
42%
Saluer
38%
fois
32%
nous
31%
Aucun quiz correspondant
Distribution des résultats
% des personnes avec chaque résultat
Percentile par nombre de réponses
Votre historique - résultats
Vous n’avez pas pris ce quiz